000 00223nam a2200085Ia 4500
245 0 _aIsrael and Palestine
100 _a MASON, Paul Tarrytown, 2009
_961449
942 _cBK
008 210818s9999 xx 000 0 und d
999 _c434870
_d434869